000 00853nam a2200205Ia 4500
003 GCL
008 140319s9999 xx 000 0 ara d
040 _aGCL /
_cGCL
082 0 4 _a001.6424
_bم ب
100 1 _aمركز التعريب والترجمة
245 1 0 _aالبرنامج MICROSOFT OFFICE للنظام WINDOWS خطوة خطوة يعتمد المفردات العربية الرسمية لمايكروسوفت يضم هذا الكتاب ترجمة الاصل الانجليزى MICROSOFT OFFICE FOR WINDOWS STOP by stop /
_cمركز التعريب والترجمة
300 _a327 ص
490 _a
650 0 4 _aالحاسبات الالكترونية
650 0 4 _aويندوز
650 0 4 _aالبرامج
650 0 4 _aمايكروسوفت
650 0 4 _aالحاسبات الالكترونية - برامج
942 _2ddc
_cBK
999 _c40972
_d40972